Veľkonočné zvyky - poézia na sviatočné dni

Bibliographic Details
Main Authors: Pavelčíková, Monika (Author), Dušeková, Monika (Author)
Format: Article
Language:Slovak
PhysicalDescription:1 foto
Subjects:

MARC

LEADER 00000nab a2200000 a 4500
001 vtls001027238
003 SK-MaSNL
005 20260303040138.0
008 040720e20000420xo 0 slo
035 |a SL5792 
040 |a SLLK  |b slo  |c SLLK  |e AACR2 
041 0 |a slo 
044 |a xo  |c SK 
080 |a 398.332.12  |2 1981 
100 1 |a Pavelčíková, Monika  |4 aut  |9 10960 
245 1 0 |a Veľkonočné zvyky - poézia na sviatočné dni 
300 |b 1 foto 
650 0 7 |a Veľká noc  |2 SLLK  |9 3414 
650 0 7 |a zvykoslovie ľudové  |2 SLLK  |9 1022407 
650 0 7 |a opisy  |2 SLLK  |9 880273 
651 7 |a Spiš (Slovensko : región)  |2 SLLK  |9 17692 
651 7 |a SL,  |2 SLLK  |9 1022390 
655 7 |a periodikum  |2 snkbucl  |9 29553 
700 1 0 |a Dušeková, Monika  |4 aut  |9 429620 
773 0 8 |t Ľubovnianske noviny  |g Roč. 26, č.15, 20.4.2000, s. 3 
852 |a ZVYKNI  |b KIS3GCP 
999 |c 1680600  |d 1682530